000
00183 a2200097 4500
020
_a
9781512429428
041
_a
spa
100
_a
Tessa Kenan
245
_a
Mira un Delfin
942
_c
K
999
_c
27526
_d
27526